Geography Quiz

Random Geography or City Quiz
Score 0/32 Timer 07:00
0 Plays Today
City River % Correct
Albany, NYHudson
83.3%
Cincinnati, OHOhio
83.1%
El Paso, TXRio Grande
81.6%
New York, NYHudson
80.6%
New Orleans, LAMississippi
80.6%
Minneapolis, MNMississippi
75%
Kansas City, MOMissouri
74.7%
Memphis, TNMississippi
73.5%
Washington, DCPotomac
70.2%
Louisville, KYOhio
68.4%
Albuquerque, NMRio Grande
67.9%
Pittsburgh, PAOhio
65.7%
Omaha, NEMissouri
63.6%
Boston, MACharles
62.4%
Portland, ORColumbia
56.8%
Philadelphia, PADelaware
56.3%
City River % Correct
Bismarck, NDMissouri
55.3%
Little Rock, ARArkansas
52.3%
Chattanooga, TNTennessee
52.3%
Cleveland, OHCuyahoga
42.2%
Buffalo, NYNiagara
41.2%
Harrisburg, PASusquehanna
33.8%
Austin, TXColorado
31.1%
Tulsa, OKArkansas
30.3%
Nashville, TNCumberland
24%
Jacksonville, FLSt. Johns
22.7%
Denver, COSouth Platte
17.2%
Phoenix, AZSalt
17.2%
San Antonio, TXSan Antonio
14.1%
Baltimore, MDPatapsco
12.6%
Reno, NVTruckee
11.4%
Fairbanks, AKTanana
5.1%

You're not logged in!

Compare scores with friends on all Sporcle quizzes.
OR
Log In

Sporcle TV

Today on Sporcle TV


Watch our educational content, quiz creation guides, and fun videos on Sporcle TV.

Show Comments

Extras

Top Quizzes Today


Score Distribution

Paid Content

Your Account Isn't Verified!

In order to create a playlist on Sporcle, you need to verify the email address you used during registration. Go to your Sporcle Settings to finish the process.

Report this User

Report this user for behavior that violates our Community Guidelines.

Details: